Statistics for The Simpsons Trivia - Multiple Choice

Click here to take the quiz!

General Stats

  • This quiz has been taken 2,321 times
  • The average score is 11 of 15

Answer Stats

QuestionAnswer% Correct
What instrument is Lisa Simpson often found to be playing?Saxophone
90%
Who are Patty and Selma?Marge Simpson's sisters
87%
What is the name of the nearby town that Springfield has a rivalry with?Shelbyville
87%
What's the name of the special episodes often used to commemorate Halloween?Treehouse of Horror
87%
Which American broadcast television network owns and broadcasts The Simpsons?FOX
84%
Bart's best friend Milhouse Van Houten has what color hair?Blue
83%
Which of these characters is most commonly associated with the "D'Amico" family?Fat Tony
81%
Which of the following characters has appeared in the fictional series Itchy & Scratchy?Poochie
78%
What language does the character "Bumblebee Man" primarily speak?Spanish
77%
Which cast member performs the voices of both Bart Simpson and Ralph Wiggum?Nancy Cartwright
75%
What grade does Edna Krabappel teach at Springfield Elementary School?4th grade
60%
The character Jeffrey Albertson is better known by which name?Comic Book Guy
55%
Kent Brockman is a weekday news anchor for which Springfield television network?Channel 6
52%
As of May 2020, how many seasons of The Simpsons have been aired?31
45%
Moe's Tavern has frequently been turned into many different businesses in attempt to gain more money. Which of the following is NOT one that Moe's has been transformed into?Moe's Smokin' BBQ
31%

Score Distribution

Percentile by Number Answered

Percent of People with Each Score

Your Score History

You have not taken this quiz